| 000 | 00843cab a22001935a 4500 | ||
|---|---|---|---|
| 001 | L152255 | ||
| 008 | 110215e20111203xxko f 000 0 eng d | ||
| 035 | _a(Sirsi) u152255 | ||
| 041 | 0 | _aeng | |
| 100 | 1 | _aBarnes, Rachel | |
| 245 | 0 | 0 |
_aAnd your time starts now _ba quirk in the law of limitation means a claim for economic loss under a contract has a different time limit from the same claim brought in tort |
| 260 | _c2011 | ||
| 490 | 0 |
_aBuilding _v276(8665) 11 February 2011, 45(1) |
|
| 520 | _aExplains what a claim in tort is; outlines how the judgment of the Court of Appeal in Robinson v PE Jones (Contractors) Ltd was good news for contractors but not for consultants; limitation periods; time limit. | ||
| 590 | _aKA | ||
| 651 | 4 |
_aEngland and Wales _y1543- |
|
| 690 | _aBUILT ENVIRONMENT-BUILDING CONTRACT FORMS | ||
| 942 | _n0 | ||
| 999 |
_c82920 _d82920 |
||